| 000 | 00000nam 2200000za 4500 |
| 001 | 9.529781 |
| 003 | CaOODSP |
| 005 | 20200331225918 |
| 007 | ta |
| 008 | 150406s1997 oncb f000 0 fre d |
| 020 | |a0-662-63250-8|z0-662-25922-X |
| 040 | |aCaOODSP|bfre |
| 041 | |aeng |
| 041 | |afre |
| 043 | |an-cn--- |
| 086 | 1 |aEn56-119/2-1997-1 |
| 110 | 1 |aCanada. |bEnvironnement Canada. |
| 245 | 10|aSommaire de l'Ontario |
| 260 | |aOttawa - Ontario : |bEnvironnement Canada |c1997. |
| 300 | |aTexte français, 12p. : |bfigures, carte ; |c28 cm. |
| 490 | 1 |aÉtude Pan-canadienne |
| 546 | |aBilingue |
| 563 | |aCouverture souple |
| 590 | |a98-01|b1998-01-02 |
| 691 | 07|aClimat|2gcpds |
| 776 | 0#|tOntario region executive summary|w(CaOODSP)9.574599 |
| 776 | 0#|tSommaire exécutif région de l'Ontario|w(CaOODSP)9.604337 |
| 791 | |tOntario summary|eeng|w(CaOODSP)9.529780 |
| 830 | #0|aL'étude pan-canadienne.|w(CaOODSP)9.509289 |